000 00548nam a2200181Ia 4500
008 151018s9999 xx 000 0 und d
082 _bRBASDV63956
_a891.463
100 _aचिंतामणी लागू
245 _aकोहरा
250 _b1
260 _bशितल मेहता कोल्हापूर
_c2013
300 _a224
600 _aचिंतामणी लागू
630 _aकोहरा
700 _aचिंतामणी लागू
730 _aकोहरा
942 _cBOOK
999 _c1056297
_d1056294